000 00626cam a22002052 4500
001 0000000174
005 20151217151745.0
008 070112s xx 000 0 eng d
020 _a0333945921 :
040 _aKABU
_cKABU
100 1 _aHunt, Stephen.
_@0000148250
245 1 0 _aReligion in Western society /
_cStephen Hunt.
260 _aHoundsmills :
_bPalgrave,
_c2002.
300 _avii, 235 p.
650 0 _aReligion and sociology
_zDeveloped countries.
_@0000148251
908 _a070112
950 _@1
999 _c4744
_d4744